000 00496nam a22001817a 4500
005 20250725155907.0
008 250725b |||||||| |||| 00| 0 eng d
020 _a9781847870094
_qpbk
041 _aeng
082 _a507.1241
_bBRA
100 _aMartin Braund
245 _aStarting Science ... Again?
_b: making progress in science learning
_cBraund, Martin
250 _a1 st ed
260 _aLondon
_bSage Publications
_c2008
300 _axv, 164p.,
650 _aScience
942 _cBK
999 _c577431
_d577431